000 00744nas a2200217 4500
001 BR7704181
003 BR-BrBNA
005 20231205083217.0
007 ta
008 230509b bl.|||p| |||| 00| 00por d
040 _aBR-BrBNA
_bpor
_cBiblioteca Nacional de Agricultura
041 _a(Pt)
072 _aL73
100 1 _aHipolito, O. (ed.)
245 1 _aCiclo de conferencias sobre micoplasmose aviaria [Mycoplasma gallisepticum]
650 _aAVE DOMESTICA
650 _aMICOPLASMOSE
773 0 _tComunicacoes Cientificas da Faculdade de Medicina Veterinaria e Zootecnia da Universidade de Sao Paulo (Brazil)
_xISSN 0100-3313
_g(1977), v. 1(3-4) p. 49-82
_wBR7704181
909 _a202311
_bLúcia
_c55
_dLúcia Elande
942 _2AGRIS
_n0
_cANA
999 _c97179
_d97179